[Event "Amateur Tournament (ATO)"]
[Site "https://www.chess.com"]
[Date "2025.07.17"]
[Round "3"]
[White "Ehrsam, Andreas"]
[Black "Schmid, Nicola"]
[Result "0-1"]
[Board "11"]
[WhiteFideId "1317393"]
[BlackFideId "1320769"]
[WhiteElo "1774"]
[BlackElo "1910"]
[WhiteTeam "SUI"]
[BlackTeam "SUI"]
[WhiteClock "0:01:40"]
[BlackClock "0:01:13"]
[Variant "Standard"]

1. c4 {[%clk 1:30:44]}  e5 {[%clk 1:30:49]} 2. g3 {[%clk 1:31:03]}  Nc6 {[%clk 1:31:16]} 3. Bg2 {[%clk 1:31:13]}  f5 {[%clk 1:31:43]} 4. d3 {[%clk 1:30:06]}  Nf6 {[%clk 1:32:03]} 5. Nc3 {[%clk 1:27:36]}  Bc5 {[%clk 1:32:07]} 6. e3 {[%clk 1:26:46]}  a6 {[%clk 1:32:02]} 7. a4 {[%clk 1:26:46]}  O-O {[%clk 1:32:11]} 8. Nge2 {[%clk 1:26:48]}  Qe8 {[%clk 1:31:28]} 9. O-O {[%clk 1:26:13]}  d6 {[%clk 1:31:40]} 10. d4 {[%clk 1:21:50]}  Ba7 {[%clk 1:31:39]} 11. Nd5 {[%clk 1:16:13]}  Qd8 {[%clk 1:19:02]} 12. Nxf6+ {[%clk 1:10:25]}  Qxf6 {[%clk 1:17:35]} 13. d5 {[%clk 1:10:41]}  Ne7 {[%clk 1:17:34]} 14. b4 {[%clk 1:09:22]}  Bd7 {[%clk 1:17:32]} 15. Bb2 {[%clk 1:08:57]}  Qg6 {[%clk 1:16:50]} 16. Qd3 {[%clk 1:05:44]}  h5 {[%clk 1:16:12]} 17. h4 {[%clk 0:54:38]}  f4 {[%clk 1:08:11]} 18. Qxg6 {[%clk 0:44:41]}  Nxg6 {[%clk 1:06:59]} 19. Be4 {[%clk 0:35:34]}  Bg4 {[%clk 0:55:19]} 20. Nc3 {[%clk 0:32:50]}  Ne7 {[%clk 0:43:33]} 21. exf4 {[%clk 0:31:11]}  exf4 {[%clk 0:39:59]} 22. Kg2 {[%clk 0:31:10]}  f3+ {[%clk 0:39:59]} 23. Kh2 {[%clk 0:31:20]}  Rae8 {[%clk 0:39:55]} 24. Bd3 {[%clk 0:27:50]}  Nf5 {[%clk 0:39:31]} 25. Ne4 {[%clk 0:27:40]}  Bd4 {[%clk 0:36:00]} 26. Rab1 {[%clk 0:25:22]}  Re5 {[%clk 0:34:21]} 27. Bxd4 {[%clk 0:21:42]}  Nxd4 {[%clk 0:33:02]} 28. Nc3 {[%clk 0:16:13]}  Rfe8 {[%clk 0:30:46]} 29. a5 {[%clk 0:14:01]}  Ne2 {[%clk 0:24:08]} 30. Nd1 {[%clk 0:14:06]}  g5 {[%clk 0:20:10]} 31. Ne3 {[%clk 0:11:22]}  gxh4 {[%clk 0:18:47]} 32. gxh4 {[%clk 0:11:51]}  Nf4 {[%clk 0:17:46]} 33. Kg3 {[%clk 0:10:58]}  Nxd3 {[%clk 0:18:01]} 34. Nxg4 {[%clk 0:11:11]}  hxg4 {[%clk 0:18:16]} 35. Kxg4 {[%clk 0:11:30]}  Rf8 {[%clk 0:18:31]} 36. Rb3 {[%clk 0:09:54]}  Re4+ {[%clk 0:18:15]} 37. Kg3 {[%clk 0:09:54]}  Ne5 {[%clk 0:18:36]} 38. Rg1 {[%clk 0:09:28]}  Kh7 {[%clk 0:18:26]} 39. Kh3 {[%clk 0:04:21]}  Rff4 {[%clk 0:18:20]} 40. Rg5 {[%clk 0:02:33]}  Rxh4+ {[%clk 0:17:14]} 41. Kg3 {[%clk 0:02:47]}  Reg4+ {[%clk 0:08:21]} 42. Rxg4 {[%clk 0:03:03]}  Rxg4+ {[%clk 0:08:50]} 43. Kh3 {[%clk 0:03:21]}  Rxc4 {[%clk 0:08:53]} 44. b5 {[%clk 0:03:20]}  axb5 {[%clk 0:09:01]} 45. Rxb5 {[%clk 0:03:47]}  Rc5 {[%clk 0:07:06]} 46. Rxb7 {[%clk 0:04:04]}  Rxa5 {[%clk 0:07:21]} 47. Rxc7+ {[%clk 0:04:25]}  Kg6 {[%clk 0:07:46]} 48. Re7 {[%clk 0:04:33]}  Rxd5 {[%clk 0:07:57]} 49. Kg3 {[%clk 0:04:43]}  Kf5 {[%clk 0:08:09]} 50. Rh7 {[%clk 0:04:30]}  Rd4 {[%clk 0:08:02]} 51. Rh5+ {[%clk 0:04:23]}  Ke4 {[%clk 0:08:00]} 52. Rh1 {[%clk 0:04:00]}  Kf5 {[%clk 0:06:01]} 53. Rh5+ {[%clk 0:04:07]}  Ke6 {[%clk 0:05:36]} 54. Kh3 {[%clk 0:03:20]}  Re4 {[%clk 0:05:40]} 55. Rh6+ {[%clk 0:03:31]}  Kd7 {[%clk 0:05:22]} 56. Rh5 {[%clk 0:03:14]}  d5 {[%clk 0:05:13]} 57. Kg3 {[%clk 0:03:30]}  d4 {[%clk 0:05:02]} 58. Rh1 {[%clk 0:03:16]}  Rg4+ {[%clk 0:03:46]} 59. Kh3 {[%clk 0:03:36]}  Rg2 {[%clk 0:03:26]} 60. Rd1 {[%clk 0:01:24]}  d3 {[%clk 0:02:40]} 61. Rf1 {[%clk 0:01:29]}  Ng4 {[%clk 0:01:40]} 62. Rd1 {[%clk 0:01:40]}  Nxf2+ {[%clk 0:01:13]} 0-1

[Event "Amateur Tournament (ATO)"]
[Site "https://www.chess.com"]
[Date "2025.07.17"]
[Round "3"]
[White "Eigenmann, Walter"]
[Black "Bangerter, Ena"]
[Result "1/2-1/2"]
[Board "12"]
[WhiteFideId "1324632"]
[BlackFideId "1344102"]
[BlackTitle "WCM"]
[WhiteElo "1764"]
[BlackElo "1852"]
[WhiteTeam "SUI"]
[BlackTeam "SUI"]
[WhiteClock "1:08:01"]
[BlackClock "0:55:29"]
[Variant "Standard"]

1. d4 {[%clk 1:30:57]}  d5 {[%clk 1:30:54]} 2. c4 {[%clk 1:30:53]}  e6 {[%clk 1:31:18]} 3. Nc3 {[%clk 1:31:02]}  Nf6 {[%clk 1:31:36]} 4. Bg5 {[%clk 1:30:59]}  Be7 {[%clk 1:31:51]} 5. e3 {[%clk 1:31:01]}  O-O {[%clk 1:32:02]} 6. Nf3 {[%clk 1:30:46]}  h6 {[%clk 1:32:23]} 7. Bh4 {[%clk 1:30:55]}  Ne4 {[%clk 1:31:56]} 8. Bxe7 {[%clk 1:30:25]}  Qxe7 {[%clk 1:31:45]} 9. Bd3 {[%clk 1:27:28]}  Nxc3 {[%clk 1:23:14]} 10. bxc3 {[%clk 1:27:45]}  b6 {[%clk 1:20:57]} 11. cxd5 {[%clk 1:27:54]}  exd5 {[%clk 1:21:16]} 12. Ne5 {[%clk 1:26:28]}  Qa3 {[%clk 1:15:07]} 13. Qc2 {[%clk 1:22:46]}  Ba6 {[%clk 1:11:44]} 14. O-O {[%clk 1:21:24]}  Bxd3 {[%clk 1:05:07]} 15. Qxd3 {[%clk 1:21:04]}  Qd6 {[%clk 1:01:31]} 16. Qf5 {[%clk 1:15:15]}  Nc6 {[%clk 0:59:03]} 17. Nxc6 {[%clk 1:10:33]}  Qxc6 {[%clk 0:59:04]} 18. Rfc1 {[%clk 1:10:17]}  Rfe8 {[%clk 0:55:29]} 19. Rab1 {[%clk 1:08:01]} 1/2-1/2

[Event "Amateur Tournament (ATO)"]
[Site "https://www.chess.com"]
[Date "2025.07.17"]
[Round "3"]
[White "Hottinger, Ieremia"]
[Black "Kleinhenz, Hans-Georg"]
[Result "0-1"]
[Board "13"]
[WhiteFideId "1359185"]
[BlackFideId "4634438"]
[WhiteElo "1734"]
[BlackElo "1843"]
[WhiteTeam "SUI"]
[BlackTeam "GER"]
[WhiteClock "0:00:32"]
[BlackClock "0:12:36"]
[Variant "Standard"]

1. e4 {[%clk 1:30:56]}  c6 {[%clk 1:30:48]} 2. d4 {[%clk 1:31:08]}  d5 {[%clk 1:31:08]} 3. Nc3 {[%clk 1:31:18]}  dxe4 {[%clk 1:31:22]} 4. Nxe4 {[%clk 1:31:34]}  Nf6 {[%clk 1:30:50]} 5. Ng3 {[%clk 1:29:30]}  h5 {[%clk 1:26:13]} 6. h4 {[%clk 1:28:55]}  Bg4 {[%clk 1:22:58]} 7. Nf3 {[%clk 1:27:21]}  Qc7 {[%clk 1:20:06]} 8. Be2 {[%clk 1:27:11]}  e6 {[%clk 1:18:59]} 9. Ne5 {[%clk 1:20:40]}  Bxe2 {[%clk 1:13:23]} 10. Qxe2 {[%clk 1:20:34]}  Bd6 {[%clk 1:11:18]} 11. f4 {[%clk 1:14:01]}  Nbd7 {[%clk 1:09:09]} 12. Bd2 {[%clk 1:08:56]}  c5 {[%clk 1:04:48]} 13. c3 {[%clk 1:05:30]}  cxd4 {[%clk 0:58:10]} 14. cxd4 {[%clk 1:05:37]}  Qb6 {[%clk 0:57:48]} 15. Bc3 {[%clk 1:05:31]}  Nd5 {[%clk 0:43:04]} 16. Rf1 {[%clk 0:50:47]}  Be7 {[%clk 0:39:42]} 17. Nxh5 {[%clk 0:48:08]}  Bxh4+ {[%clk 0:37:21]} 18. g3 {[%clk 0:48:30]}  Bf6 {[%clk 0:36:06]} 19. Nxf6+ {[%clk 0:48:28]}  N7xf6 {[%clk 0:33:55]} 20. Rc1 {[%clk 0:41:42]}  Nxc3 {[%clk 0:30:50]} 21. bxc3 {[%clk 0:41:50]}  Rc8 {[%clk 0:30:07]} 22. Qd3 {[%clk 0:32:28]}  Qa5 {[%clk 0:27:55]} 23. Rc2 {[%clk 0:30:31]}  Nd5 {[%clk 0:26:09]} 24. Nc4 {[%clk 0:19:27]}  Qa6 {[%clk 0:24:39]} 25. Ne5 {[%clk 0:17:29]}  Qxd3 {[%clk 0:23:53]} 26. Nxd3 {[%clk 0:17:50]}  Rxc3 {[%clk 0:24:05]} 27. Nb4 {[%clk 0:13:26]}  Rxc2 {[%clk 0:20:19]} 28. Nxc2 {[%clk 0:13:47]}  Rh2 {[%clk 0:20:24]} 29. Rf2 {[%clk 0:13:17]}  Rxf2 {[%clk 0:16:24]} 30. Kxf2 {[%clk 0:13:40]}  Kd7 {[%clk 0:16:13]} 31. a3 {[%clk 0:09:44]}  Kc6 {[%clk 0:15:09]} 32. Ke2 {[%clk 0:09:53]}  a5 {[%clk 0:13:24]} 33. Kd2 {[%clk 0:08:10]}  b5 {[%clk 0:12:49]} 34. Kd3 {[%clk 0:07:47]}  b4 {[%clk 0:10:51]} 35. axb4 {[%clk 0:06:30]}  Nxb4+ {[%clk 0:10:52]} 36. Nxb4+ {[%clk 0:03:49]}  axb4 {[%clk 0:11:13]} 37. Kc4 {[%clk 0:04:11]}  b3 {[%clk 0:11:34]} 38. Kxb3 {[%clk 0:04:36]}  Kd5 {[%clk 0:11:55]} 39. Kc3 {[%clk 0:04:55]}  Ke4 {[%clk 0:11:23]} 40. Kc4 {[%clk 0:01:41]}  Kf3 {[%clk 0:11:24]} 41. Kc5 {[%clk 0:01:16]}  Kxg3 {[%clk 0:11:43]} 42. f5 {[%clk 0:01:35]}  Kf4 {[%clk 0:11:57]} 43. fxe6 {[%clk 0:01:17]}  fxe6 {[%clk 0:12:16]} 44. Kd6 {[%clk 0:00:32]}  Kf5 {[%clk 0:12:36]} 0-1

[Event "Amateur Tournament (ATO)"]
[Site "https://www.chess.com"]
[Date "2025.07.17"]
[Round "3"]
[White "Pinelli, Gian"]
[Black "Anetov, Aisultan"]
[Result "0-1"]
[Board "14"]
[WhiteFideId "1348710"]
[BlackFideId "13784943"]
[WhiteElo "1841"]
[BlackElo "1584"]
[WhiteTeam "SUI"]
[BlackTeam "KAZ"]
[WhiteClock "1:09:48"]
[BlackClock "1:24:57"]
[Variant "Standard"]

1. d4 {[%clk 1:30:57]}  d5 {[%clk 1:26:55]} 2. c4 {[%clk 1:31:20]}  e6 {[%clk 1:27:20]} 3. Nc3 {[%clk 1:31:45]}  Nf6 {[%clk 1:27:44]} 4. cxd5 {[%clk 1:32:08]}  exd5 {[%clk 1:28:11]} 5. Bg5 {[%clk 1:32:26]}  Be7 {[%clk 1:28:34]} 6. e3 {[%clk 1:32:45]}  c6 {[%clk 1:28:29]} 7. Bd3 {[%clk 1:33:07]}  h6 {[%clk 1:28:33]} 8. Bh4 {[%clk 1:30:42]}  Nbd7 {[%clk 1:28:54]} 9. Nge2 {[%clk 1:28:14]}  O-O {[%clk 1:29:14]} 10. O-O {[%clk 1:28:25]}  Re8 {[%clk 1:28:30]} 11. Qb1 {[%clk 1:26:47]}  a5 {[%clk 1:27:26]} 12. f3 {[%clk 1:20:54]}  b6 {[%clk 1:23:17]} 13. e4 {[%clk 1:15:44]}  Nxe4 {[%clk 1:23:11]} 14. Bxe7 {[%clk 1:14:40]}  Nxc3 {[%clk 1:23:28]} 15. Bxd8 {[%clk 1:14:10]}  Nxb1 {[%clk 1:23:45]} 16. Bxb6 {[%clk 1:14:17]}  Nd2 {[%clk 1:24:10]} 17. Rfd1 {[%clk 1:10:08]}  Nxf3+ {[%clk 1:24:32]} 18. gxf3 {[%clk 1:09:48]}  Nxb6 {[%clk 1:24:57]} 0-1

[Event "Amateur Tournament (ATO)"]
[Site "https://www.chess.com"]
[Date "2025.07.17"]
[Round "3"]
[White "Tereshchenko, Eva"]
[Black "Hirzel, Robin"]
[Result "1-0"]
[Board "18"]
[WhiteFideId "34389903"]
[BlackFideId "1342320"]
[WhiteElo "1809"]
[BlackElo "1795"]
[WhiteTeam "FID"]
[BlackTeam "SUI"]
[WhiteClock "0:55:27"]
[BlackClock "1:27:46"]
[Variant "Standard"]

1. e4 {[%clk 1:30:57]}  c5 {[%clk 1:30:52]} 2. Nf3 {[%clk 1:31:22]}  Nc6 {[%clk 1:31:17]} 3. Bb5 {[%clk 1:31:46]}  Nd4 {[%clk 1:31:27]} 4. Nxd4 {[%clk 1:32:04]}  cxd4 {[%clk 1:31:53]} 5. O-O {[%clk 1:32:18]}  e5 {[%clk 1:31:48]} 6. d3 {[%clk 1:31:48]}  Nf6 {[%clk 1:31:33]} 7. f4 {[%clk 1:26:52]}  a6 {[%clk 1:28:45]} 8. fxe5 {[%clk 1:24:46]}  Nxe4 {[%clk 1:28:23]} 9. dxe4 {[%clk 1:13:59]}  axb5 {[%clk 1:28:47]} 10. Qxd4 {[%clk 1:14:18]}  Qc7 {[%clk 1:29:10]} 11. Be3 {[%clk 1:13:40]}  Qc4 {[%clk 1:27:47]} 12. Nc3 {[%clk 1:09:17]}  Be7 {[%clk 1:27:45]} 13. Qxc4 {[%clk 0:58:54]}  bxc4 {[%clk 1:28:07]} 14. Nd5 {[%clk 0:59:20]}  Bd8 {[%clk 1:28:20]} 15. Bb6 {[%clk 0:57:45]}  O-O {[%clk 1:27:31]} 16. Bxd8 {[%clk 0:57:48]}  Rxd8 {[%clk 1:27:54]} 17. Nb6 {[%clk 0:58:03]}  Ra6 {[%clk 1:27:47]} 18. Nxc4 {[%clk 0:57:47]}  Re6 {[%clk 1:27:46]} 19. Rad1 {[%clk 0:55:27]} 1-0

[Event "Amateur Tournament (ATO)"]
[Site "https://www.chess.com"]
[Date "2025.07.17"]
[Round "3"]
[White "Kalbermatter, Philipp"]
[Black "Funk, Kurt"]
[Result "1-0"]
[Board "19"]
[WhiteFideId "1327976"]
[BlackFideId "1317423"]
[WhiteElo "1908"]
[BlackElo "1734"]
[WhiteTeam "SUI"]
[BlackTeam "SUI"]
[WhiteClock "0:10:55"]
[BlackClock "0:14:53"]
[Variant "Standard"]

1. e4 {[%clk 1:30:54]}  g6 {[%clk 1:30:54]} 2. d4 {[%clk 1:30:58]}  Bg7 {[%clk 1:31:17]} 3. Nc3 {[%clk 1:30:30]}  d6 {[%clk 1:31:28]} 4. f4 {[%clk 1:29:14]}  f5 {[%clk 1:28:48]} 5. e5 {[%clk 1:18:40]}  dxe5 {[%clk 1:26:45]} 6. dxe5 {[%clk 1:17:57]}  Qxd1+ {[%clk 1:24:51]} 7. Kxd1 {[%clk 1:18:07]}  c6 {[%clk 1:20:22]} 8. Nf3 {[%clk 1:14:09]}  e6 {[%clk 1:14:10]} 9. Bc4 {[%clk 1:06:38]}  Ne7 {[%clk 1:06:12]} 10. Ng5 {[%clk 1:04:33]}  Nd5 {[%clk 1:04:42]} 11. Bxd5 {[%clk 1:03:46]}  exd5 {[%clk 1:02:30]} 12. Be3 {[%clk 0:57:46]}  h6 {[%clk 1:01:03]} 13. Nf3 {[%clk 0:57:46]}  Nd7 {[%clk 0:50:23]} 14. h4 {[%clk 0:55:05]}  Nb6 {[%clk 0:47:40]} 15. b3 {[%clk 0:54:01]}  Bf8 {[%clk 0:45:59]} 16. a4 {[%clk 0:37:58]}  Be6 {[%clk 0:40:15]} 17. a5 {[%clk 0:35:11]}  Nd7 {[%clk 0:38:39]} 18. Nd4 {[%clk 0:34:23]}  Kf7 {[%clk 0:36:55]} 19. a6 {[%clk 0:31:15]}  Bc5 {[%clk 0:19:28]} 20. axb7 {[%clk 0:29:09]}  Rab8 {[%clk 0:19:22]} 21. Na4 {[%clk 0:21:51]}  Bxd4 {[%clk 0:15:38]} 22. Bxd4 {[%clk 0:19:54]}  Rxb7 {[%clk 0:15:46]} 23. Nc5 {[%clk 0:19:40]}  Nxc5 {[%clk 0:15:50]} 24. Bxc5 {[%clk 0:20:00]}  Ra8 {[%clk 0:15:56]} 25. Ra6 {[%clk 0:19:22]}  Bd7 {[%clk 0:14:37]} 26. Kd2 {[%clk 0:18:51]}  Rc7 {[%clk 0:12:37]} 27. Rha1 {[%clk 0:18:30]}  Bc8 {[%clk 0:10:11]} 28. Rxa7 {[%clk 0:17:43]}  Rcxa7 {[%clk 0:10:20]} 29. Rxa7+ {[%clk 0:18:05]}  Rxa7 {[%clk 0:10:37]} 30. Bxa7 {[%clk 0:18:27]}  Ke6 {[%clk 0:10:49]} 31. Kc3 {[%clk 0:07:23]}  Ba6 {[%clk 0:08:03]} 32. Kd4 {[%clk 0:05:27]}  Bf1 {[%clk 0:07:32]} 33. g3 {[%clk 0:05:49]}  Kd7 {[%clk 0:07:01]} 34. Kc5 {[%clk 0:05:23]}  Bb5 {[%clk 0:05:39]} 35. Bb6 {[%clk 0:04:39]}  Be2 {[%clk 0:04:30]} 36. e6+ {[%clk 0:04:29]}  Kxe6 {[%clk 0:04:45]} 37. Kxc6 {[%clk 0:04:52]}  Bf3 {[%clk 0:04:56]} 38. Kc5 {[%clk 0:04:52]}  Be2 {[%clk 0:04:56]} 39. Kc6 {[%clk 0:04:52]}  Bf3 {[%clk 0:04:56]} 40. Kc5 {[%clk 0:04:29]}  Be2 {[%clk 0:04:16]} 41. Kc6 {[%clk 0:04:52]}  Bf3 {[%clk 0:04:56]} 42. Bd4 {[%clk 0:04:55]}  Bd1 {[%clk 0:04:12]} 43. b4 {[%clk 0:04:03]}  Bxc2 {[%clk 0:02:09]} 44. b5 {[%clk 0:02:51]}  Ba4 {[%clk 0:01:11]} 45. Kc5 {[%clk 0:29:38]}  Kd7 {[%clk 0:27:16]} 46. Be5 {[%clk 0:19:16]}  Bb3 {[%clk 0:24:51]} 47. b6 {[%clk 0:10:11]}  Kc8 {[%clk 0:15:50]} 48. Kc6 {[%clk 0:10:19]}  Ba4+ {[%clk 0:15:48]} 49. Kxd5 {[%clk 0:10:38]}  Kb7 {[%clk 0:15:51]} 50. Ke6 {[%clk 0:10:46]}  Bb3+ {[%clk 0:15:59]} 51. Kf6 {[%clk 0:10:56]}  Kxb6 {[%clk 0:15:03]} 52. Kxg6 {[%clk 0:11:07]}  Bc2 {[%clk 0:14:49]} 53. Kxh6 {[%clk 0:11:10]}  Kc6 {[%clk 0:14:53]} 54. Kg6 {[%clk 0:10:55]} 1-0

[Event "Amateur Tournament (ATO)"]
[Site "https://www.chess.com"]
[Date "2025.07.17"]
[Round "3"]
[White "Ploder, Udo"]
[Black "Ulmann, Olivier"]
[Result "1-0"]
[Board "20"]
[WhiteFideId "4699955"]
[BlackFideId "1316770"]
[WhiteElo "1886"]
[BlackElo "1733"]
[WhiteTeam "GER"]
[BlackTeam "SUI"]
[WhiteClock "0:12:35"]
[BlackClock "0:07:41"]
[Variant "Standard"]

1. e4 {[%clk 1:30:58]}  c6 {[%clk 1:30:46]} 2. d4 {[%clk 1:31:18]}  d5 {[%clk 1:31:04]} 3. e5 {[%clk 1:31:33]}  c5 {[%clk 1:31:07]} 4. dxc5 {[%clk 1:31:23]}  Nc6 {[%clk 1:30:54]} 5. Nf3 {[%clk 1:29:57]}  Bg4 {[%clk 1:31:06]} 6. Bb5 {[%clk 1:27:09]}  e6 {[%clk 1:29:14]} 7. Be3 {[%clk 1:26:35]}  Ne7 {[%clk 1:27:50]} 8. c3 {[%clk 1:24:35]}  Qc7 {[%clk 1:22:34]} 9. Bd4 {[%clk 1:20:19]}  O-O-O {[%clk 1:17:39]} 10. Nbd2 {[%clk 1:18:01]}  Nxd4 {[%clk 1:15:04]} 11. cxd4 {[%clk 1:18:14]}  Nf5 {[%clk 1:11:31]} 12. Qa4 {[%clk 1:17:31]}  Kb8 {[%clk 1:10:43]} 13. O-O {[%clk 1:15:41]}  Bxf3 {[%clk 1:08:16]} 14. Nxf3 {[%clk 1:15:54]}  Be7 {[%clk 1:08:23]} 15. Bd3 {[%clk 1:13:29]}  Nh4 {[%clk 1:08:06]} 16. Nxh4 {[%clk 1:13:21]}  Bxh4 {[%clk 1:08:27]} 17. b4 {[%clk 1:12:29]}  f6 {[%clk 1:07:29]} 18. f4 {[%clk 1:05:28]}  fxe5 {[%clk 1:07:10]} 19. fxe5 {[%clk 1:05:48]}  Rdf8 {[%clk 1:05:57]} 20. b5 {[%clk 1:05:04]}  Rxf1+ {[%clk 1:01:45]} 21. Rxf1 {[%clk 1:05:21]}  Bg5 {[%clk 0:58:35]} 22. Kh1 {[%clk 0:54:23]}  b6 {[%clk 0:49:58]} 23. Qb4 {[%clk 0:49:48]}  bxc5 {[%clk 0:47:44]} 24. Qxc5 {[%clk 0:50:00]}  Qxc5 {[%clk 0:47:45]} 25. dxc5 {[%clk 0:50:23]}  Be3 {[%clk 0:47:26]} 26. c6 {[%clk 0:49:15]}  Bd4 {[%clk 0:44:19]} 27. Rf7 {[%clk 0:46:50]}  Bxe5 {[%clk 0:43:52]} 28. Rb7+ {[%clk 0:46:29]}  Ka8 {[%clk 0:42:50]} 29. Re7 {[%clk 0:46:28]}  Kb8 {[%clk 0:34:55]} 30. Rxe6 {[%clk 0:46:26]}  Bf6 {[%clk 0:33:15]} 31. Rd6 {[%clk 0:38:50]}  Re8 {[%clk 0:31:16]} 32. Kg1 {[%clk 0:38:04]}  Re1+ {[%clk 0:28:46]} 33. Kf2 {[%clk 0:38:26]}  Ra1 {[%clk 0:28:00]} 34. Rxd5 {[%clk 0:38:06]}  Rxa2+ {[%clk 0:27:58]} 35. Kf3 {[%clk 0:38:19]}  h6 {[%clk 0:23:15]} 36. Rd7 {[%clk 0:37:59]}  Ra3 {[%clk 0:20:01]} 37. Kf4 {[%clk 0:34:25]}  Ra4+ {[%clk 0:17:28]} 38. Be4 {[%clk 0:26:28]}  Kc8 {[%clk 0:09:05]} 39. Kf3 {[%clk 0:24:12]}  Ra3+ {[%clk 0:07:34]} 40. Ke2 {[%clk 0:23:33]}  Ra2+ {[%clk 0:07:04]} 41. Kd3 {[%clk 0:18:32]}  Ra3+ {[%clk 0:06:44]} 42. Kc4 {[%clk 0:14:35]}  Ra4+ {[%clk 0:06:17]} 43. Kd3 {[%clk 0:14:18]}  Ra3+ {[%clk 0:05:43]} 44. Ke2 {[%clk 0:07:40]}  Ra2+ {[%clk 0:04:27]} 45. Ke3 {[%clk 0:07:38]}  Ra3+ {[%clk 0:04:39]} 46. Kf4 {[%clk 0:04:17]}  Ra4 {[%clk 0:04:22]} 47. Kf5 {[%clk 0:01:12]}  Ra5 {[%clk 0:24:59]} 48. Rb7 {[%clk 0:22:22]}  a6 {[%clk 0:23:53]} 49. Kg6 {[%clk 0:21:21]}  Rxb5 {[%clk 0:18:09]} 50. Bf5+ {[%clk 0:21:26]}  Rxf5 {[%clk 0:17:04]} 51. Kxf5 {[%clk 0:21:46]}  a5 {[%clk 0:16:52]} 52. Ke6 {[%clk 0:21:43]}  Bc3 {[%clk 0:14:52]} 53. Kf5 {[%clk 0:18:01]}  Bf6 {[%clk 0:12:47]} 54. Kg6 {[%clk 0:18:06]}  Bd4 {[%clk 0:11:43]} 55. Rd7 {[%clk 0:16:52]}  Bf6 {[%clk 0:11:23]} 56. g3 {[%clk 0:16:33]}  Bb2 {[%clk 0:10:52]} 57. Ra7 {[%clk 0:15:47]}  Bc3 {[%clk 0:11:03]} 58. h4 {[%clk 0:15:33]}  Kb8 {[%clk 0:11:14]} 59. Rb7+ {[%clk 0:15:38]}  Kc8 {[%clk 0:11:32]} 60. h5 {[%clk 0:14:48]}  Kd8 {[%clk 0:11:15]} 61. g4 {[%clk 0:14:54]}  Kc8 {[%clk 0:10:59]} 62. Rb3 {[%clk 0:15:06]}  Bd2 {[%clk 0:09:32]} 63. Kxg7 {[%clk 0:14:58]}  Kc7 {[%clk 0:09:36]} 64. Rd3 {[%clk 0:14:44]}  Bc1 {[%clk 0:08:13]} 65. Rd1 {[%clk 0:13:53]}  Bf4 {[%clk 0:07:41]} 66. Rd5 {[%clk 0:12:35]} 1-0

[Event "Amateur Tournament (ATO)"]
[Site "https://www.chess.com"]
[Date "2025.07.17"]
[Round "3"]
[White "Bellm, Juergen"]
[Black "Ruchat, Blaise"]
[Result "0-1"]
[Board "21"]
[WhiteFideId "533007349"]
[BlackFideId "1328921"]
[WhiteElo "1728"]
[BlackElo "1874"]
[WhiteTeam "GER"]
[BlackTeam "SUI"]
[WhiteClock "0:10:03"]
[BlackClock "0:26:52"]
[Variant "Standard"]

1. d4 {[%clk 1:30:59]}  g6 {[%clk 1:30:57]} 2. c4 {[%clk 1:30:37]}  Bg7 {[%clk 1:31:18]} 3. Nc3 {[%clk 1:30:50]}  Nf6 {[%clk 1:31:38]} 4. e4 {[%clk 1:31:07]}  d6 {[%clk 1:31:55]} 5. f3 {[%clk 1:31:33]}  O-O {[%clk 1:32:04]} 6. Be3 {[%clk 1:31:41]}  c5 {[%clk 1:32:28]} 7. dxc5 {[%clk 1:31:56]}  dxc5 {[%clk 1:31:02]} 8. Qxd8 {[%clk 1:32:09]}  Rxd8 {[%clk 1:31:01]} 9. Bxc5 {[%clk 1:32:35]}  Nc6 {[%clk 1:31:06]} 10. Nge2 {[%clk 1:33:00]}  Nd7 {[%clk 1:28:38]} 11. Bf2 {[%clk 1:32:38]}  Nde5 {[%clk 1:27:17]} 12. Nf4 {[%clk 1:31:31]}  Bh6 {[%clk 1:08:55]} 13. Nfd5 {[%clk 1:20:37]}  Be6 {[%clk 1:08:55]} 14. a3 {[%clk 1:18:22]}  Na5 {[%clk 1:04:53]} 15. Nxe7+ {[%clk 0:48:29]}  Kh8 {[%clk 0:41:07]} 16. Ned5 {[%clk 0:47:15]}  b6 {[%clk 0:41:30]} 17. Bd4 {[%clk 0:32:43]}  Bg7 {[%clk 0:30:00]} 18. Bxe5 {[%clk 0:29:43]}  Bxe5 {[%clk 0:29:39]} 19. Be2 {[%clk 0:30:07]}  Rac8 {[%clk 0:23:18]} 20. O-O {[%clk 0:22:55]}  Nxc4 {[%clk 0:14:25]} 21. Bxc4 {[%clk 0:18:43]}  Rxc4 {[%clk 0:14:48]} 22. Rfd1 {[%clk 0:19:00]}  Bxd5 {[%clk 0:14:30]} 23. exd5 {[%clk 0:14:02]}  Bxc3 {[%clk 0:14:42]} 24. bxc3 {[%clk 0:14:01]}  Rxc3 {[%clk 0:15:08]} 25. Rd4 {[%clk 0:14:08]}  Rd6 {[%clk 0:14:42]} 26. Kf2 {[%clk 0:13:08]}  Kg7 {[%clk 0:14:16]} 27. a4 {[%clk 0:13:03]}  Rc2+ {[%clk 0:13:07]} 28. Kg3 {[%clk 0:10:56]}  g5 {[%clk 0:13:27]} 29. Rad1 {[%clk 0:10:52]}  f5 {[%clk 0:13:45]} 30. h4 {[%clk 0:06:06]}  h6 {[%clk 0:11:30]} 31. hxg5 {[%clk 0:05:30]}  hxg5 {[%clk 0:11:35]} 32. R1d2 {[%clk 0:05:57]}  Rxd2 {[%clk 0:11:36]} 33. Rxd2 {[%clk 0:06:03]}  Kf6 {[%clk 0:12:02]} 34. f4 {[%clk 0:06:06]}  g4 {[%clk 0:12:07]} 35. Kh4 {[%clk 0:04:11]}  Rd7 {[%clk 0:09:29]} 36. Rd4 {[%clk 0:03:49]}  Rh7+ {[%clk 0:08:41]} 37. Kg3 {[%clk 0:03:51]}  Ke7 {[%clk 0:08:55]} 38. Rd2 {[%clk 0:01:35]}  Kd6 {[%clk 0:08:03]} 39. Rd1 {[%clk 0:01:57]}  a6 {[%clk 0:08:11]} 40. Rd2 {[%clk 0:01:47]}  Rh1 {[%clk 0:08:07]} 41. Rb2 {[%clk 0:00:43]}  Kc5 {[%clk 0:36:18]} 42. Rd2 {[%clk 0:30:26]}  Rh6 {[%clk 0:36:18]} 43. Re2 {[%clk 0:30:48]}  Rd6 {[%clk 0:35:15]} 44. Kh4 {[%clk 0:28:33]}  Rxd5 {[%clk 0:33:34]} 45. Kg5 {[%clk 0:26:31]}  b5 {[%clk 0:33:51]} 46. axb5 {[%clk 0:13:56]}  axb5 {[%clk 0:34:10]} 47. Re5 {[%clk 0:14:22]}  b4 {[%clk 0:29:18]} 48. Kxf5 {[%clk 0:14:35]}  b3 {[%clk 0:29:00]} 49. Rxd5+ {[%clk 0:13:56]}  Kxd5 {[%clk 0:28:40]} 50. Kxg4 {[%clk 0:14:20]}  b2 {[%clk 0:29:05]} 51. Kg5 {[%clk 0:14:37]}  b1=Q {[%clk 0:29:02]} 52. g4 {[%clk 0:15:00]}  Ke6 {[%clk 0:29:20]} 53. Kh6 {[%clk 0:10:19]}  Qc1 {[%clk 0:26:43]} 54. Kg5 {[%clk 0:10:03]}  Qe3 {[%clk 0:26:52]} 0-1